| 000 | 003790000a22001690004500 | ||
|---|---|---|---|
| 003 | LK-CoMWRAF | ||
| 008 | 230817t ||||| |||| 00| 0 eng d | ||
| 040 |
_aLK-CoMWRAF _dLK-CoMWRAF _eLK-CoMWRAF |
||
| 041 | _aeng | ||
| 082 |
_a480 _bMAY |
||
| 100 | _aRollo May | ||
| 245 |
_aThe Art of Counselling _b |
||
| 250 | _aRevised Edit | ||
| 260 |
_b _a _c |
||
| 300 | _ap. | ||
| 942 | _cBK | ||
| 999 |
_c361 _d361 |
||